000 00949cad a22002175a 4500
001 L155888
008 120419s2012 xxk f 000 0 eng d
020 _a9781409834342
035 _a(Sirsi) u155888
041 0 _aeng
110 2 _aUnited Kingdom
_bDepartment for Communities and Local Government
_94939
245 0 0 _aChanges to the Energy Performance of Buildings Framework
_bPolicy update 2 Policy update 2 enhancing the skills of Domestic Energy Assessors
_h[electronic resource]
260 _aLondon
_cDCLG
_b2012
520 _aOutlines details of a mandatory top up qualifcation for domestic energy assessors which came into force on 1 April 2012
590 _aKA
651 4 _aENGLAND AND WALES
690 _aResidential property
_96266
690 _aSustainability
_96271
856 4 0 _uhttps://www.communities.gov.uk/documents/planningandbuilding/pdf/2116837.pdf
_zView the item free of charge at www.communities.gov.uk
942 _n0
999 _c113898
_d113898